Statistics for Who are these characters of Percy Jackson

Click here to take the quiz!

General Stats

  • This quiz has been taken 24 times
  • The average score is 7 of 10

Answer Stats

HintAnswer% Correct
main guypercy jackson
100%
satir, friend of the above onesgrover
90%
the enemy in the first bookluke
90%
friend of the main guy, half bloodannabeth
85%
enemy in the second, third, fourth and fifth bookkronos
85%
father of the aboveposeidon
85%
the satir is scared of this charactertyson
50%
godfatherzeus
35%
godmotherhera
30%
mother of the aboveathene
10%

Score Distribution

Percentile by Number Answered

Percent of People with Each Score

Your Score History

You have not taken this quiz